000 00755nam a22002057a 4500
005 20240326155641.0
010 _aHIN-127224
020 _a9788170165897
_c950.00
035 _aHN-99570
037 _bDBAD/PUB.
082 _a158.1
100 _aकुमरावत,उमेश
_963947
245 _aमनचाही सफलता पाइए/
_cउमेश कुमरावत
250 _a1
260 _aनई दिल्ली
_bकिताब घर
_c2021
270 _a24/4855 अंसारी रोड दरियागंज
_bनई दिल्ली
_e110002
300 _a78 पृ;
_c23 सेमी (सजिल्द)
700 _963915
942 _adpl
_cHN
_2ddc
_h158.1
_mकुमरा
999 _c201779
_d201779